[Event "CRO Cup"]
[Site "Mali Losinj"]
[Date "2019.05.18"]
[Round "5.32"]
[White "Juric, Goran"]
[Black "Cvitan, Ognjen"]
[Result "0-1"]
[WhiteElo "2216"]
[BlackElo "2484"]
[PlyCount "50"]
[EventDate "2019.05.15"]
[EventType "team-swiss"]
[EventRounds "6"]
[EventCountry "CRO"]
[SourceTitle "CBM 190 Extra"]
[Source "ChessBase"]
[SourceDate "2019.07.15"]
[SourceVersion "1"]
[SourceVersionDate "2019.07.15"]
[SourceQuality "1"]
[WhiteTeam "Primosten"]
[BlackTeam "Solin Cemex"]
[WhiteTeamCountry "CRO"]
[BlackTeamCountry "CRO"]

1. d4 Nf6 2. c4 e6 3. Nf3 c5 4. Nc3 cxd4 5. Nxd4 d5 6. Bg5 e5 7. Nc2 d4 8. Nd5 Be7 9. Bxf6 Bxf6 10. e4 0-0 11. b4 Be6 12. Nxf6+ Qxf6 13. Bd3 Rc8 14. Qe2 a5 15. a3 axb4 16. axb4 Rxa1+ 17. Nxa1 Qe7 18. Nc2 Na6 19. c5 Nxb4 20. Nxb4 Qxc5 21. Nc2 Bb3 22. 0-0 Bxc2 23. Rc1 Bxd3 24. Rxc5 Rxc5 25. Qb2 Rb5 0-1

[Event "CRO Cup"]
[Site "Mali Losinj"]
[Date "2019.05.17"]
[Round "4.72"]
[White "Mrkonjic, Nenad"]
[Black "Juric, Goran"]
[Result "1/2-1/2"]
[WhiteElo "2351"]
[BlackElo "2216"]
[PlyCount "101"]
[EventDate "2019.05.15"]
[EventType "team-swiss"]
[EventRounds "6"]
[EventCountry "CRO"]
[SourceTitle "CBM 190 Extra"]
[Source "ChessBase"]
[SourceDate "2019.07.15"]
[SourceVersion "1"]
[SourceVersionDate "2019.07.15"]
[SourceQuality "1"]
[WhiteTeam "Osijek Ferit"]
[BlackTeam "Primosten"]
[WhiteTeamCountry "CRO"]
[BlackTeamCountry "CRO"]

1. c4 Nf6 2. g3 e6 3. Bg2 d5 4. Nf3 b6 5. cxd5 Nxd5 6. 0-0 Bb7 7. d4 Nd7 8. Re1 Bb4 9. Bd2 0-0 10. e4 Bxd2 11. Qxd2 Ne7 12. Nc3 c6 13. b4 a6 14. a4 Qc7 15. a5 Rfd8 16. axb6 Qxb6 17. Qe2 a5 18. bxa5 Rxa5 19. e5 h6 20. Ne4 Qa7 21. Qb2 Rb8 22. Rxa5 Qxa5 23. Ra1 Qc7 24. Qc2 c5 25. Nxc5 Bd5 26. Ne1 Bxg2 27. Kxg2 Rc8 28. Ned3 Nf5 29. Qa4 Rd8 30. Rd1 Nb6 31. Qa6 Qc6+ 32. Kh3 Rxd4 33. Qb7 Qxb7 34. Nxb7 Nc4 35. Rc1 Rxd3 36. Rxc4 Rd2 37. Rc8+ Kh7 38. Kg2 Ne3+ 39. Kf3 Nd1 40. g4 Rxf2+ 41. Kg3 Rd2 42. Rd8 Rxd8 43. Nxd8 Kg8 44. Kf3 Kf8 45. Nb7 f6 46. exf6 gxf6 47. Nc5 Kf7 48. Na4 Kg6 49. h4 h5 50. gxh5+ Kxh5 51. Ke2 1/2-1/2

[Event "CRO Cup"]
[Site "Mali Losinj"]
[Date "2019.05.16"]
[Round "3.92"]
[White "Juric, Goran"]
[Black "Cupic, Lovro"]
[Result "1-0"]
[WhiteElo "2216"]
[BlackElo "2226"]
[PlyCount "129"]
[EventDate "2019.05.15"]
[EventType "team-swiss"]
[EventRounds "6"]
[EventCountry "CRO"]
[SourceTitle "CBM 190 Extra"]
[Source "ChessBase"]
[SourceDate "2019.07.15"]
[SourceVersion "1"]
[SourceVersionDate "2019.07.15"]
[SourceQuality "1"]
[WhiteTeam "Primosten"]
[BlackTeam "Sveta Nedelja"]
[WhiteTeamCountry "CRO"]
[BlackTeamCountry "CRO"]

1. d4 Nf6 2. c4 e6 3. Nf3 d5 4. Nc3 Bb4 5. Bg5 h6 6. Bh4 c5 7. e3 Qa5 8. Qb3 dxc4 9. Qxc4 Nbd7 10. Rc1 cxd4 11. Nxd4 Nd5 12. Be2 0-0 13. 0-0 Bxc3 14. bxc3 N5b6 15. Qb4 Qe5 16. c4 Nb8 17. Bf3 Na6 18. Qa3 f5 19. Be7 Rf7 20. Bh5 g6 21. Bxg6 Rg7 22. Bd6 Qf6 23. Bh5 Bd7 24. f4 Be8 25. Be5 Qe7 26. Qxe7 Rxe7 27. Bf3 Rc8 28. Bd6 Rd7 29. c5 Na4 30. Nxe6 Bf7 31. Nd4 N6xc5 32. Nxf5 Kh7 33. a3 Be6 34. Bxc5 Rxc5 35. Nd4 Bd5 36. Kf2 b5 37. Bxd5 Rdxd5 38. Kf3 Nb2 39. Rxc5 Rxc5 40. Rb1 Nc4 41. Ra1 Nd2+ 42. Ke2 Ne4 43. f5 Re5 44. Rc1 Nd6 45. g4 Nc4 46. Rc3 a6 47. a4 Re4 48. axb5 axb5 49. h3 Nxe3 50. Rxe3 Rxd4 51. Re7+ Kg8 52. Rb7 Rb4 53. Kf3 Rb3+ 54. Kf4 Rxh3 55. Rxb5 Rh4 56. f6 Rh1 57. Kf5 Rg1 58. Rb7 Rg2 59. Rg7+ Kh8 60. Ke6 Re2+ 61. Kf7 Re4 62. g5 hxg5 63. Kg6 Re6 64. Ra7 Re8 65. Rh7+ 1-0

[Event "CRO-chT2 South"]
[Site "Croatia"]
[Date "2005.05.21"]
[Round "5.2"]
[White "Juric, Goran"]
[Black "Susak, Zeljko"]
[Result "1/2-1/2"]
[WhiteElo "2312"]
[BlackElo "2227"]
[PlyCount "32"]
[EventDate "2005.04.09"]
[EventType "team"]
[EventRounds "9"]
[EventCountry "CRO"]
[SourceTitle "EXT 2007"]
[Source "ChessBase"]
[SourceDate "2006.11.23"]
[SourceVersion "1"]
[SourceVersionDate "2006.11.23"]
[SourceQuality "1"]
[WhiteTeam "VIS"]
[BlackTeam "Sibenik"]
[WhiteTeamCountry "CRO"]
[BlackTeamCountry "CRO"]

1. d4 Nf6 2. c4 e6 3. Nf3 b6 4. Nc3 Bb7 5. Bg5 Be7 6. e3 Ne4 7. Bxe7 Qxe7 8. Nxe4 Bxe4 9. Nd2 Bb7 10. Be2 0-0 11. Bf3 Bxf3 12. Qxf3 Nc6 13. a3 e5 14. d5 Na5 15. 0-0 Nb7 16. Rac1 a5 1/2-1/2

[Event "CRO Cup"]
[Site "Rabac"]
[Date "2004.06.27"]
[Round "9"]
[White "Juric, Goran"]
[Black "Zelcic, Robert"]
[Result "1-0"]
[WhiteElo "2298"]
[BlackElo "2509"]
[PlyCount "63"]
[EventDate "2004.05.20"]
[EventType "swiss"]
[EventRounds "9"]
[EventCountry "CRO"]
[SourceTitle "CBM 100 Extra"]
[Source "ChessBase"]
[SourceDate "2004.07.06"]
[SourceVersion "2"]
[SourceVersionDate "2004.07.06"]
[SourceQuality "1"]

1. d4 Nf6 2. c4 e6 3. Nf3 Bb4+ 4. Bd2 a5 5. e3 d6 6. Bd3 0-0 7. 0-0 Re8 8. Nc3 e5 9. dxe5 dxe5 10. Qc2 Bg4 11. a3 Bf8 12. Ne4 Bxf3 13. gxf3 Nbd7 14. Kh1 Ra6 15. Rg1 g6 16. Bc3 Nc5 17. Nxc5 Bxc5 18. Rad1 Qe7 19. Be4 c6 20. Qd2 a4 21. Bc2 Qe6 22. Rg5 Qh3 23. Qe2 Raa8 24. Rxe5 Nh5 25. Bf5 gxf5 26. Rg1+ Kf8 27. Rxc5 Re6 28. Bb4 Ke8 29. Rg8+ Kd7 30. Rxa8 Rg6 31. Qd1+ Ke6 32. Rxc6+ 1-0

[Event "CRO Cup"]
[Site "Rabac"]
[Date "2004.05.25"]
[Round "8.2"]
[White "Juric, Goran"]
[Black "Tkachiev, Vladislav"]
[Result "0-1"]
[WhiteElo "2298"]
[BlackElo "2635"]
[PlyCount "95"]
[EventDate "2004.05.20"]
[EventType "swiss"]
[EventRounds "9"]
[EventCountry "CRO"]
[SourceTitle "CBM 100 Extra"]
[Source "ChessBase"]
[SourceDate "2004.07.06"]
[SourceVersion "2"]
[SourceVersionDate "2004.07.06"]
[SourceQuality "1"]

1. d4 d6 2. c4 e5 3. Nf3 e4 4. Nfd2 Nf6 5. e3 g6 6. Nc3 Qe7 7. Qc2 Bf5 8. Nd5 Nxd5 9. cxd5 a6 10. b3 Bg7 11. Bb2 0-0 12. Be2 h5 13. h3 h4 14. Bg4 Bxg4 15. hxg4 f5 16. g5 Rc8 17. Rxh4 Qxg5 18. g3 Nd7 19. Nc4 Qe7 20. Ke2 Nf6 21. Rah1 Qf7 22. g4 fxg4 23. Nd2 Qxd5 24. Rg1 Qb5+ 25. Kd1 Qg5 26. Rh2 d5 27. b4 Qf5 28. Nf1 Bf8 29. a3 Bd6 30. Rhg2 Kg7 31. Nh2 g3 32. fxg3 Qg5 33. Qe2 Rh8 34. Bc1 Raf8 35. g4 Rh3 36. Nf1 Rfh8 37. Bd2 Nd7 38. b5 Ra8 39. Bb4 Bxb4 40. axb4 Nb6 41. Rg3 Rxg3 42. Rxg3 Nc4 43. b6 cxb6 44. Rh3 Qf6 45. g5 Qf5 46. Rh1 Qf3 47. Qxf3 exf3 48. Ke1 0-1

[Event "CRO Cup"]
[Site "Rabac"]
[Date "2004.05.23"]
[Round "3.7"]
[White "Marceta, Milan"]
[Black "Juric, Goran"]
[Result "0-1"]
[WhiteElo "2159"]
[BlackElo "2298"]
[PlyCount "76"]
[EventDate "2004.05.20"]
[EventType "swiss"]
[EventRounds "9"]
[EventCountry "CRO"]
[SourceTitle "CBM 100 Extra"]
[Source "ChessBase"]
[SourceDate "2004.07.06"]
[SourceVersion "2"]
[SourceVersionDate "2004.07.06"]
[SourceQuality "1"]

1. e4 Nf6 2. e5 Nd5 3. d4 d6 4. Nf3 Bg4 5. Bc4 c6 6. 0-0 dxe5 7. dxe5 e6 8. Nbd2 Nd7 9. h3 Bh5 10. Re1 Qc7 11. g4 Bg6 12. Nf1 Be7 13. Ng3 0-0-0 14. Qe2 Kb8 15. a4 Nb4 16. Ne4 Nxe5 17. Bf4 Nxf3+ 18. Qxf3 e5 19. Bg3 Nxc2 20. Qc3 Bxe4 21. Rxe4 Nxa1 22. Re1 f6 23. Rxa1 Qb6 24. b3 Qd4 25. Qe1 Bb4 26. Qf1 a5 27. Rc1 h5 28. Qg2 h4 29. Bh2 Qb2 30. Rf1 Bc5 31. Kh1 Rd2 32. Bg1 Rhd8 33. Qf3 Qc2 34. Kg2 R8d4 35. Bh2 Ka7 36. g5 Qg6 37. Kh1 Qxg5 38. Rg1 Qh6 0-1

[Event "CRO Cup"]
[Site "Pula"]
[Date "2002.05.10"]
[Round "4"]
[White "Juric, Goran"]
[Black "Vukelic, Tomislav"]
[Result "0-1"]
[WhiteElo "2322"]
[BlackElo "2297"]
[PlyCount "98"]
[EventDate "2002.05.07"]
[EventType "team"]
[EventRounds "5"]
[EventCountry "CRO"]
[SourceTitle "CBM 088 Extra"]
[Source "ChessBase"]
[SourceDate "2002.07.01"]
[SourceVersion "2"]
[SourceVersionDate "2002.07.01"]
[SourceQuality "1"]

1. d4 d5 2. Nf3 Nf6 3. c4 e6 4. Nc3 Nbd7 5. Bg5 c6 6. e3 Be7 7. Be2 0-0 8. 0-0 dxc4 9. Bxc4 Nd5 10. Bxe7 Qxe7 11. Rc1 Nxc3 12. Rxc3 b6 13. Qc2 Bb7 14. Bd3 f5 15. e4 Qf6 16. b4 Kh8 17. Rb1 g5 18. e5 Qe7 19. Nd2 a5 20. a3 axb4 21. axb4 b5 22. Nb3 Ra4 23. Nc5 Nxc5 24. dxc5 Rd8 25. Be2 Rd4 26. Rd3 Qd7 27. Rbd1 Raxb4 28. Qc3 Rxd3 29. Rxd3 Rb1+ 30. Bf1 b4 31. Qd2 Rxf1+ 32. Kxf1 Ba6 33. Ke2 b3 34. Ke3 f4+ 35. Ke4 Bxd3+ 36. Qxd3 Qd5+ 37. Qxd5 exd5+ 38. Kd3 Kg7 39. Kc3 Kf7 40. Kxb3 Ke6 41. Kc3 Kxe5 42. f3 h6 43. Kd3 d4 44. Kc4 h5 45. g3 fxg3 46. hxg3 h4 47. f4+ gxf4 48. gxh4 Ke4 49. h5 f3 0-1

[Event "CRO Cup"]
[Site "Pula"]
[Date "2002.05.09"]
[Round "3"]
[White "Jurkovic, Ante"]
[Black "Juric, Goran"]
[Result "1-0"]
[WhiteElo "2330"]
[BlackElo "2322"]
[PlyCount "55"]
[EventDate "2002.05.07"]
[EventType "team"]
[EventRounds "5"]
[EventCountry "CRO"]
[SourceTitle "CBM 088 Extra"]
[Source "ChessBase"]
[SourceDate "2002.07.01"]
[SourceVersion "2"]
[SourceVersionDate "2002.07.01"]
[SourceQuality "1"]

1. e4 Nf6 2. e5 Nd5 3. d4 d6 4. Nf3 Bg4 5. Be2 c6 6. Ng5 Bf5 7. Bd3 e6 8. Bxf5 exf5 9. e6 fxe6 10. Nxe6 Qh4 11. 0-0 Kd7 12. Bg5 Qg4 13. f3 Qh5 14. Re1 h6 15. Bd2 Na6 16. c4 Ndc7 17. Nxc7 Nxc7 18. Qb3 Qh4 19. Nc3 Be7 20. d5 Rhb8 21. Be3 Bf6 22. Bf2 Qh5 23. Rad1 Qf7 24. c5 Kc8 25. cxd6 Nxd5 26. Nxd5 cxd5 27. Rc1+ Kd8 28. Bb6+ 1-0

[Event "CRO Cup"]
[Site "Pula"]
[Date "2002.05.07"]
[Round "1"]
[White "Juric, Goran"]
[Black "Kapic, Ibrahim"]
[Result "1/2-1/2"]
[WhiteElo "2322"]
[BlackElo "2196"]
[PlyCount "76"]
[EventDate "2002.05.07"]
[EventType "team"]
[EventRounds "5"]
[EventCountry "CRO"]
[SourceTitle "CBM 088 Extra"]
[Source "ChessBase"]
[SourceDate "2002.07.01"]
[SourceVersion "2"]
[SourceVersionDate "2002.07.01"]
[SourceQuality "1"]

1. d4 d5 2. Nf3 Nf6 3. Bf4 c5 4. e3 Qb6 5. Nc3 cxd4 6. Qxd4 Qxd4 7. exd4 a6 8. Bd3 b5 9. a4 b4 10. Na2 e6 11. c3 bxc3 12. bxc3 Nh5 13. Bc7 Kd7 14. Bb6 Nc6 15. a5 Bd6 16. Bc2 Ke7 17. Nc1 Bd7 18. Nd3 Nf4 19. g3 Nxd3+ 20. Bxd3 Rhc8 21. Kd2 h6 22. Rhe1 Be8 23. Nh4 Kd7 24. f4 Bc7 25. f5 Bd8 26. Bxd8 Rxd8 27. Reb1 Rdb8 28. Rb6 Kc7 29. Rab1 Nxa5 30. Rxb8 Rxb8 31. Rxb8 Kxb8 32. Bxa6 Kc7 33. fxe6 fxe6 34. Ke3 Bh5 35. Ng2 g5 36. h4 Kd6 37. hxg5 hxg5 38. Ne1 e5 1/2-1/2

[Event "YUG Cup"]
[Site "Kastela"]
[Date "2002.??.??"]
[Round "1"]
[White "Buselic, Miodrag"]
[Black "Juric, Goran"]
[Result "0-1"]
[WhiteElo "2262"]
[BlackElo "2322"]
[PlyCount "80"]
[EventDate "2002.04.??"]
[EventType "team"]
[EventRounds "5"]
[EventCountry "CRO"]
[SourceTitle "EXT 2003"]
[Source "ChessBase"]
[SourceDate "2002.11.25"]
[SourceVersion "1"]
[SourceVersionDate "2002.11.25"]
[SourceQuality "1"]

1. e4 Nf6 2. e5 Nd5 3. d4 d6 4. Nf3 Bg4 5. Be2 c6 6. 0-0 Bxf3 7. Bxf3 dxe5 8. dxe5 e6 9. c4 Ne7 10. Qxd8+ Kxd8 11. Be4 Nd7 12. f4 Nf5 13. Bxf5 Bc5+ 14. Kh1 exf5 15. Bd2 Nf8 16. b4 Be7 17. a3 Kc7 18. Nc3 Rd8 19. Rad1 Rd3 20. Rf3 Rd4 21. c5 Ne6 22. Be3 Rxd1+ 23. Nxd1 Rd8 24. Nb2 b6 25. cxb6+ axb6 26. g3 b5 27. Kg2 f6 28. Bf2 Rd2 29. Nd3 Nd4 30. Re3 Nc2 31. Rf3 Nxa3 32. Kh3 g5 33. g4 h5 34. exf6 hxg4+ 35. Kg3 Bxf6 36. fxg5 Bxg5 37. Rxf5 Rxd3+ 38. Kxg4 Be7 39. Rf7 Kd8 40. h4 Nc4 0-1

[Event "CRO-chT2 qual"]
[Site "Sibenik"]
[Date "2002.??.??"]
[Round "1"]
[White "Juric, Goran"]
[Black "Nikolac, Juraj"]
[Result "0-1"]
[WhiteElo "2322"]
[BlackElo "2428"]
[PlyCount "104"]
[EventDate "2002.06.??"]
[EventType "team"]
[EventRounds "2"]
[EventCountry "CRO"]
[SourceTitle "EXT 2003"]
[Source "ChessBase"]
[SourceDate "2002.11.25"]
[SourceVersion "1"]
[SourceVersionDate "2002.11.25"]
[SourceQuality "1"]

1. d4 Nf6 2. Nf3 e6 3. c4 b6 4. Nc3 Bb4 5. Bg5 Bb7 6. e3 h6 7. Bh4 Qe7 8. Be2 Bxc3+ 9. bxc3 d6 10. 0-0 Nbd7 11. Nd2 e5 12. Bf3 e4 13. Be2 0-0 14. Rb1 Rfe8 15. Qa4 c5 16. Nb3 Nf8 17. Rfd1 Rec8 18. h3 Bc6 19. Qa6 g5 20. Bg3 Ne8 21. Bg4 Rd8 22. dxc5 dxc5 23. Na5 Rxd1+ 24. Rxd1 Ba4 25. Nb3 Bc6 26. Rd2 Bb7 27. Qb5 Nf6 28. Bf5 Nh5 29. Bd6 Qe8 30. Bxf8 Qxb5 31. cxb5 Rxf8 32. Rd6 Kg7 33. Nd2 Nf6 34. g4 Re8 35. a4 Re7 36. c4 Ne8 37. Rd8 Kf6 38. Bd7 Nd6 39. Bc6 Ke5 40. Bxb7 Rxb7 41. Rh8 Rd7 42. Rxh6 Nf5 43. f4+ gxf4 44. Rh5 fxe3 45. Rxf5+ Kd4 46. Nb3+ Kxc4 47. Nc1 Rd2 48. h4 e2 49. Kf2 e3+ 50. Ke1 Rd1+ 51. Kxe2 Rxc1 52. Kxe3 Kb3 0-1

[Event "YUG Cup"]
[Site "Kastela"]
[Date "2002.??.??"]
[Round "3"]
[White "Juric, Goran"]
[Black "Plenkovic, Zdenko"]
[Result "0-1"]
[WhiteElo "2322"]
[BlackElo "2208"]
[PlyCount "76"]
[EventDate "2002.04.??"]
[EventType "team"]
[EventRounds "5"]
[EventCountry "CRO"]
[SourceTitle "EXT 2003"]
[Source "ChessBase"]
[SourceDate "2002.11.25"]
[SourceVersion "1"]
[SourceVersionDate "2002.11.25"]
[SourceQuality "1"]

1. d4 d5 2. c4 e6 3. Nc3 Nf6 4. Bg5 Be7 5. e3 0-0 6. Nf3 Nbd7 7. Be2 b6 8. cxd5 exd5 9. 0-0 Bb7 10. Rc1 Ne4 11. Bxe7 Qxe7 12. Bb5 Ndf6 13. Nxe4 dxe4 14. Nd2 Qb4 15. Bc6 Bxc6 16. Rxc6 Qxb2 17. Rxf6 gxf6 18. Nxe4 Qb5 19. Qg4+ Kh8 20. Nxf6 Qd3 21. e4 Rg8 22. Qf5 Rg7 23. Qe5 Qh3 24. g3 Qe6 25. Qf4 Rg6 26. e5 Rd8 27. Rc1 c6 28. h4 h6 29. Rc3 Kg7 30. Rf3 Qc4 31. e6 Qxe6 32. Nh5+ Kf8 33. Nf6 Rd6 34. Nh5 Rg4 35. Qe3 Re4 36. Qa3 Rexd4 37. Re3 Rd1+ 38. Kh2 Qd5 0-1

[Event "CRO-chT2"]
[Site "Pula"]
[Date "2000.09.16"]
[Round "6"]
[White "Juric, Goran"]
[Black "Loncar, Robert"]
[Result "1/2-1/2"]
[WhiteElo "2313"]
[BlackElo "2415"]
[PlyCount "107"]
[EventDate "2000.09.??"]
[EventType "team-swiss"]
[EventRounds "7"]
[EventCountry "CRO"]
[SourceTitle "EXT 2001"]
[Source "ChessBase"]
[SourceDate "2000.11.22"]
[SourceVersion "1"]
[SourceVersionDate "2000.11.22"]
[SourceQuality "1"]

1. d4 Nf6 2. c4 c5 3. Nf3 cxd4 4. Nxd4 Nc6 5. Nc3 e6 6. e3 Bb4 7. Be2 Ne4 8. Bd2 Nxc3 9. Bxc3 Bxc3+ 10. bxc3 0-0 11. 0-0 b6 12. Nb5 Ba6 13. Qd6 Rc8 14. Rfd1 Bxb5 15. cxb5 Na5 16. Qxd7 Qc7 17. Rac1 g6 18. h4 Rfd8 19. Qxc7 Rxd1+ 20. Rxd1 Rxc7 21. c4 Kf8 22. h5 gxh5 23. Kh2 Ke7 24. Kh3 Rc5 25. Rd4 Nb7 26. g3 Nd6 27. Rh4 Kf6 28. Bd3 h6 29. Kg2 Ke7 30. Kf1 Ne8 31. Ke1 Nf6 32. Kd2 Ng4 33. f3 Nf6 34. f4 e5 35. e4 Ke6 36. a4 Rc8 37. Kc3 Rg8 38. Rh3 Rg4 39. f5+ Kd6 40. Kb4 h4 41. Rxh4 Rxh4 42. gxh4 Nd7 43. Bc2 Nc5 44. a5 Nb7 45. a6 Nc5 46. Bb1 Nd7 47. Bc2 Nf6 48. Bd3 Nd7 49. Bc2 Kc7 50. Bd1 Kd8 51. Bb3 Ke7 52. Bc2 Kd6 53. Bd1 Kc7 54. Bc2 1/2-1/2

[Event "CRO-chT2"]
[Site "Pula"]
[Date "2000.09.14"]
[Round "4"]
[White "Bilic, Ivan"]
[Black "Juric, Goran"]
[Result "0-1"]
[WhiteElo "2204"]
[BlackElo "2313"]
[PlyCount "63"]
[EventDate "2000.09.??"]
[EventType "team-swiss"]
[EventRounds "7"]
[EventCountry "CRO"]
[SourceTitle "EXT 2001"]
[Source "ChessBase"]
[SourceDate "2000.11.22"]
[SourceVersion "1"]
[SourceVersionDate "2000.11.22"]
[SourceQuality "1"]

1. e4 Nf6 2. Nc3 d5 3. exd5 Nxd5 4. Nxd5 Qxd5 5. Nf3 Bg4 6. Be2 c5 7. h3 Bh5 8. 0-0 Nc6 9. b3 0-0-0 10. d3 g5 11. Bb2 f6 12. Nh2 Bxe2 13. Qxe2 h5 14. Rae1 e5 15. a3 Bd6 16. f3 f5 17. g3 Rh7 18. Rf2 Rdh8 19. Rg2 Kb8 20. f4 Nd4 21. Qf2 exf4 22. gxf4 Bxf4 23. Bxd4 cxd4 24. Nf1 h4 25. Qe2 g4 26. Qe6 Qxe6 27. Rxe6 gxh3 28. Rgg6 Rc8 29. Re2 Rhc7 30. Rf6 Rxc2 31. Rxc2 Rxc2 32. Rxf5 0-1

[Event "CRO-chT2"]
[Site "Pula"]
[Date "2000.09.12"]
[Round "2"]
[White "Glavas, Dragan"]
[Black "Juric, Goran"]
[Result "1-0"]
[WhiteElo "2304"]
[BlackElo "2313"]
[PlyCount "91"]
[EventDate "2000.09.??"]
[EventType "team-swiss"]
[EventRounds "7"]
[EventCountry "CRO"]
[SourceTitle "EXT 2001"]
[Source "ChessBase"]
[SourceDate "2000.11.22"]
[SourceVersion "1"]
[SourceVersionDate "2000.11.22"]
[SourceQuality "1"]

1. d4 Nf6 2. c4 e6 3. Nc3 Bb4 4. Bg5 c5 5. d5 h6 6. Bh4 d6 7. e3 e5 8. Qc2 g5 9. Bg3 Qa5 10. Bd3 Bd7 11. Nge2 b5 12. cxb5 Bxb5 13. Bxb5+ Qxb5 14. 0-0 Bxc3 15. Nxc3 Qc4 16. b3 Qg4 17. f3 Qb4 18. f4 Ng4 19. Qf5 Nd7 20. Ne4 Nxe3 21. Nxd6+ Kd8 22. Nxf7+ Kc7 23. Qe6 Qb6 24. Rf3 gxf4 25. Rxe3 fxg3 26. Nxh8 gxh2+ 27. Kh1 Rxh8 28. Rxe5 Rf8 29. Rh5 Rf6 30. Qxb6+ axb6 31. Re1 Nf8 32. Kxh2 b5 33. Re7+ Kb6 34. Re4 Rd6 35. Rf5 Rd8 36. Rf6+ Ka5 37. d6 Nd7 38. Rxh6 Nb6 39. Re5 Nd7 40. Rd5 Kb4 41. Rh4+ c4 42. a4 Kxb3 43. Rxb5+ Kc3 44. a5 Kd3 45. Rd5+ Kc3 46. Rdd4 1-0

[Event "CRO-chT2"]
[Site "Pula"]
[Date "2000.09.11"]
[Round "1"]
[White "Juric, Goran"]
[Black "Ljubicic, Filip"]
[Result "0-1"]
[WhiteElo "2313"]
[BlackElo "2384"]
[PlyCount "81"]
[EventDate "2000.09.??"]
[EventType "team-swiss"]
[EventRounds "7"]
[EventCountry "CRO"]
[SourceTitle "EXT 2001"]
[Source "ChessBase"]
[SourceDate "2000.11.22"]
[SourceVersion "1"]
[SourceVersionDate "2000.11.22"]
[SourceQuality "1"]

1. d4 Nf6 2. Bg5 Ne4 3. Bf4 d5 4. e3 c5 5. Bd3 Nf6 6. c3 Nc6 7. Nf3 Bg4 8. Nbd2 e6 9. Qb3 Qc8 10. dxc5 Nd7 11. Bd6 Nxc5 12. Bxc5 Bxc5 13. Qa4 Bxf3 14. Nxf3 Qc7 15. 0-0 0-0 16. Rad1 h6 17. c4 Rad8 18. cxd5 exd5 19. Bb1 Qb6 20. Rd3 d4 21. exd4 Nxd4 22. Nxd4 Rxd4 23. Qc2 Rxd3 24. Qxd3 g6 25. b3 Rd8 26. Qe2 Rd6 27. g3 Qd8 28. Kg2 Rd2 29. Qf3 Qd4 30. a4 f5 31. Qxb7 Rxf2+ 32. Rxf2 Qxf2+ 33. Kh3 Qf1+ 34. Qg2 Qxb1 35. Qd5+ Kg7 36. Qe5+ Kf7 37. Qd5+ Kf6 38. Qd8+ Be7 39. Qd4+ Kf7 40. Qd5+ Kf8 41. Qc4 0-1

[Event "CRO-chT3"]
[Site "Zadar"]
[Date "1999.??.??"]
[Round "2"]
[White "Juric, Goran"]
[Black "Kosic, Eugen"]
[Result "0-1"]
[WhiteElo "2325"]
[BlackElo "2315"]
[PlyCount "70"]
[EventDate "1999.??.??"]
[EventType "team"]
[EventRounds "7"]
[EventCountry "CRO"]
[SourceTitle "EXT 2000"]
[Source "ChessBase"]
[SourceDate "1999.11.16"]
[SourceVersion "1"]
[SourceVersionDate "1999.11.16"]
[SourceQuality "1"]

1. d4 f5 2. c4 Nf6 3. Nc3 g6 4. Nf3 d6 5. g3 Bg7 6. Bg2 0-0 7. 0-0 Nc6 8. b3 Ne4 9. Bb2 Nxc3 10. Bxc3 e5 11. dxe5 dxe5 12. e3 Qe7 13. Qc2 Be6 14. Rfd1 Rad8 15. Qb2 Bc8 16. b4 e4 17. Nd4 Ne5 18. c5 c6 19. Qc2 Bd7 20. Nb3 Be6 21. a4 Qf7 22. Na5 Bd5 23. Bd4 Rd7 24. Rab1 Nf3+ 25. Bxf3 exf3 26. Qb2 Bh6 27. Qd2 Qe6 28. Qe1 Rfd8 29. b5 Be4 30. bxc6 bxc6 31. Rb7 f4 32. Rxd7 Rxd7 33. Qf1 fxe3 34. Bxe3 Bxe3 35. fxe3 f2+ 0-1

[Event "CRO-chT3"]
[Site "Zadar"]
[Date "1999.??.??"]
[Round "6"]
[White "Juric, Goran"]
[Black "Maruncic, Vicko"]
[Result "1-0"]
[WhiteElo "2325"]
[BlackElo "2185"]
[PlyCount "73"]
[EventDate "1999.??.??"]
[EventType "team"]
[EventRounds "7"]
[EventCountry "CRO"]
[SourceTitle "EXT 2000"]
[Source "ChessBase"]
[SourceDate "1999.11.16"]
[SourceVersion "1"]
[SourceVersionDate "1999.11.16"]
[SourceQuality "1"]

1. d4 Nf6 2. c4 g6 3. Nc3 Bg7 4. e4 0-0 5. f3 d6 6. Be3 a6 7. Bd3 Nbd7 8. Qd2 c5 9. Nge2 cxd4 10. Nxd4 Ne5 11. Be2 Re8 12. 0-0 Bd7 13. Rac1 Bc6 14. Rfd1 h5 15. Nd5 Kh7 16. Rc2 Ned7 17. Nxf6+ Bxf6 18. Nxc6 bxc6 19. f4 Nf8 20. g4 hxg4 21. Bxg4 Qc7 22. h4 Kg8 23. h5 Rab8 24. Kh1 Rb7 25. Qh2 e6 26. Rg1 c5 27. Rcg2 Qa5 28. b3 Bd4 29. Rg3 f5 30. Bxd4 cxd4 31. exf5 exf5 32. Bf3 Re4 33. hxg6 Rg7 34. Rh3 Nxg6 35. Bxe4 fxe4 36. Rhg3 Kf7 37. Rxg6 1-0